|
|
|
|
| LEADER |
02910cam a2200217 i 4500 |
| 999 |
|
|
|c 120096
|d 120096
|
| 020 |
|
|
|a 9781138814998 (pbk)
|
| 082 |
0 |
0 |
|a 809.387 62
|b Q6
|
| 245 |
0 |
0 |
|a Science fiction and cultural theory:
|b a reader /
|c ed. by Sherryl Vint.
|
| 260 |
|
|
|a London:
|b Routledge,
|c 2016.
|
| 300 |
|
|
|a xi, 309 p.
|b illustrations ;
|
| 490 |
0 |
|
|a Routledge literature readers
|
| 504 |
|
|
|a Includes bibliographical references and index.
|
| 505 |
0 |
|
|a Bodies in space : film as "carnal knowledge" (1969) / Annette Michelson -- Typewriter (1986) / Friedrich Kittler -- Alien and the monstrous-feminine (1990) / Barbara Creed -- Scary women : cinema, surgery, and special effects (1999) / Vivian Sobchack -- Connected; or what it means to live in the network society (2003) / Steven Shaviro -- Gendering the technological imagination (2011) / Anne Balsamo -- Bloodless transfusion (1991) / Manuel De Landa -- Transplant medicine and transformative narrative ( 2004) / Susan Squier -- Bioinformatic bodies and the problem of "life itself" (2005) / Eugene Thacker -- A monstrous vision : Disney, science fiction, ad CinemaScope (2008) / J.P. Telotte -- Have nanosuit : will travel : video games and the crisis of the digital battlefield (2010) / Colin Milburn -- Practising media archaeology : creative methodologies for remediation (2012) / Jussi Parikka -- The "videology" of science fiction (1985) / Garrett Stewart -- The cinema of attraction : early film, its spectator and the avant-garde (1986) / Tom Gunning -- The ecstasy of communication (1988) / Jean Baudrillard (translated by John Johnston) -- On a clar day you can see the horizon of invisibility : rethinking science fiction film in the age of electronic (re)production (1992) / Brooks Landon -- The wonder years and beyond, 1989-1995 (2002) / Michelle Pierson -- The cultural ogic of media convergence (2004) / Henry Jenkins -- A cyborg manifesto : science, technology, and socialist-feminism in the late twentieth century (1991) / Donna Haraway -- The life cycle of cyborgs : writing the posthuman (1995) / N. Katherine Hayles -- The image virus (1993) / Scott Bukatman -- Meta(l)morphoses (1997) / Rosi Braidotti -- The transmolecularization of (black) folk : Space is the Place, Sun Ra and Afrofuturism (2004) / Nabeel Zuberi -- When the machines stop : fantasy, reality, and terminal identity in Neon Genesis : Evangelion and Serial Experiments : Lain (2007) / Susan J. Napier.
|
| 650 |
|
0 |
|a Science fiction-History and criticism.
|9 58117
|
| 650 |
|
0 |
|a Science fiction-Study and teaching.
|9 58118
|
| 650 |
|
0 |
|a Science fiction-Influence.
|9 58119
|
| 650 |
|
0 |
|a Literature and society.
|9 58170
|
| 700 |
1 |
|
|a Vint, Sherryl, Ed.
|9 58121
|
| 942 |
|
|
|c BK
|
| 952 |
|
|
|0 0
|1 0
|4 0
|6 809_387000000000000_62_Q6
|7 0
|9 116843
|a MGUL
|b MGUL
|c GEN
|d 2016-12-07
|e Calicut Book Distributors Invoice No 10222 dated 26.02.2016
|g 3328.69
|l 3
|m 1
|o 809.387 62 Q6
|p 56199
|r 2020-02-13
|s 2019-12-28
|y BK
|